Gênero, sexualidade e poder /

Este artículo muestra los resultados de una investigación realizada a hombres y mujeres pertenecientes a la capa media urbana de Brasilia. Dicha investigación tuvo como objetivo verificar si el poder es pensado en las relaciones clasificadas como igualitarias. Aunque tal ideología esté presente en l...

Fuld beskrivelse

Guardado en:
Bibliografiske detaljer
Hovedforfatter: Melo Bento, Berenice Alves de
Format: Texto
Fag:
Tags: Tilføj Tag
Ingen Tags, Vær først til at tagge denne postø!

MARC

LEADER 00000 a a2200000 04500
001 16610
003
040
100 |a Melo Bento, Berenice Alves de  
245 |a Gênero, sexualidade e poder /  |c Berenice Alves de Melo Bento 
520 |a Este artículo muestra los resultados de una investigación realizada a hombres y mujeres pertenecientes a la capa media urbana de Brasilia. Dicha investigación tuvo como objetivo verificar si el poder es pensado en las relaciones clasificadas como igualitarias. Aunque tal ideología esté presente en las declaraciones de los entrevistados como "loa correcto", se percibió que la ideología jerárquica también actúa en las subjetividades de estos actores, provocando conflictos y disputas pautadas por constantes negociaciones y contradicciones. Notamos que cuando se trata de la administración de la vida doméstica hay un espacio mayor para negociaciones, lo que no ocurre con la sexualidad. Esto nos llevó a clasificar tales relaciones como "relaciones contradictorias"  
650 |a GENERO  
650 |a ROLES DE LOS GENEROS  
650 |a SEXUALIDAD  
650 |a RELACIONES DE GENERRO  
650 |a HOMBRES  
650 |a MUJERES  
650 |a IGUALDAD DE GENERO  
773 |g volumen 6, número 10; páginas 79-99  
999 |c 21947  |d 21947